| 000 | 00428cam a2200181ua 4500 | ||
|---|---|---|---|
| 020 | _c1.90 | ||
| 041 |
_aeng _h |
||
| 082 |
_a823.301 _bMAR/CA |
||
| 100 | _aMarar, T R K . | ||
| 245 |
_aCall of adventure / _cT R K Marar. _hTextual Documents |
||
| 250 |
_a1 / _b. |
||
| 260 |
_aCochin : _bPaico Publishing House , _c1968. |
||
| 300 | _a117 ; . | ||
| 365 | _a1.90 | ||
| 504 | _a | ||
| 942 | _cBK | ||
| 999 |
_c6538 _d6538 |
||